Κατάλογος Βιβλιοθηκών Mediterranean College

ΚΛΙΝΙΚΗ ΨΥΧΟΛΟΓΙΑ: ΣΥΓΧΡΟΝΑ ΘΕΜΑΤΑ ΚΛΙΝΙΚΗΣ ΠΡΑΚΤΙΚΗΣ ΚΑΙ ΕΡΕΥΝΑΣ (Record no. 6864)

MARC details
000 -LEADER
fixed length control field 01312cam a22002174a 4500
005 - ΗΜΕΡΟΜΗΝΙΑ ΚΑΙ ΩΡΑ ΤΕΛΕΥΤΑΙΑΣ ΕΝΗΜΕΡΩΣΗΣ
Πεδίο ελέγχου 20250605163548.0
008 - FIXED-LENGTH DATA ELEMENTS--GENERAL INFORMATION
Πεδίο ελέγχου σταθερού μήκους 250528s ||||||||||||||||||||||||d
035 ## - SYSTEM CONTROL NUMBER
System control number 21805
020 ## - ISBN
ISBN 9789603449720
040 ## - ΠΗΓΗ ΚΑΤΑΛΟΓΟΓΡΑΦΗΣΗΣ
Φορέας πρωτότυπης καταλογογράφησης MC Athens Campus Library
Γλώσσα καταλογογράφησης Ελληνικά, Μοντέρνα (1453-)
Modifying agency MC Athens Campus Library
Κανόνες περιγραφικής καταλογογράφησης AACR2
245 1# - ΤΙΤΛΟΣ ΚΑΙ ΔΗΛΩΣΗ ΥΠΕΥΘΥΝΟΤΗΤΑΣ
Τίτλος ΚΛΙΝΙΚΗ ΨΥΧΟΛΟΓΙΑ: ΣΥΓΧΡΟΝΑ ΘΕΜΑΤΑ ΚΛΙΝΙΚΗΣ ΠΡΑΚΤΙΚΗΣ ΚΑΙ ΕΡΕΥΝΑΣ
250 ## - EDITION STATEMENT
Edition statement 5
260 ## - PUBLICATION, DISTRIBUTION, ETC.
Name of publisher, distributor, etc. Ελληνικά Γράμματα,
Date of publication, distribution, etc. 2009
300 ## - PHYSICAL DESCRIPTION
Extent 235
505 0# - FORMATTED CONTENTS NOTE
Formatted contents note Η ΚΛΙΝΙΚΗ ΨΥΧΟΛΟΓΙΑ: Η ΕΚΠΑΙΔΕΥΣΗ ΚΑΙ ΤΟ ΕΡΓΟ ΤΟΥ ΚΛΙΝΙΚΟΥ ΨΥΧΟΛΟΓΟΥ Η ΚΛΙΝΙΚΗ ΠΡΑΚΤΙΚΗ ΣΤΗΝ ΚΟΙΝΟΤΗΤΑ Η ΕΡΕΥΝΑ ΓΙΑ ΤΗΝ ΑΞΙΟΛΟΓΗΣΗ ΤΟΥ ΘΕΡΑΠΕΥΤΙΚΟΥ ΑΠΟΤΕΛΕΣΜΑΤΟΣ Η ΨΥΧΟΛΟΓΙΑ ΣΤΗΝ ΕΥΡΩΠΗ
520 ## - SUMMARY, ETC.
Summary, etc. Η ΚΛΙΝΙΚΗ ΨΥΧΟΛΟΓΙΑ: Η ΕΚΠΑΙΔΕΥΣΗ ΚΑΙ ΤΟ ΕΡΓΟ ΤΟΥ ΚΛΙΝΙΚΟΥ ΨΥΧΟΛΟΓΟΥ Η ΚΛΙΝΙΚΗ ΠΡΑΚΤΙΚΗ ΣΤΗΝ ΚΟΙΝΟΤΗΤΑ Η ΕΡΕΥΝΑ ΓΙΑ ΤΗΝ ΑΞΙΟΛΟΓΗΣΗ ΤΟΥ ΘΕΡΑΠΕΥΤΙΚΟΥ ΑΠΟΤΕΛΕΣΜΑΤΟΣ Η ΨΥΧΟΛΟΓΙΑ ΣΤΗΝ ΕΥΡΩΠΗ
700 1# - ΠΡΟΣΘΕΤΗ ΑΝΑΓΡΑΦΗ--ΦΥΣΙΚΟ ΠΡΟΣΩΠΟ
Personal name Ποταμιανος Γρηγορης Α
942 ## - ADDED ENTRY ELEMENTS (KOHA)
Koha item type Books
Holdings
Τύπος τεκμηρίου Βιβλιοθήκη Τρέχουσα τοποθεσία Barcode Αριθμός εισαγωγής Ημερομηνία απόκτησης Ταξιθετικό σύμβολο Αριθμός αντιτύπου Κατάσταση απόσυρσης Κατάσταση χαμένου Κατάσταση κατεστραμμένου Μη δανεισμός Σύνολο δανεισμών Ημερομηνία τελευταίας εμφάνισης Χρονολογία τελευταίου δανεισμού Η τιμή ισχύει από
Books MC Thessaloniki Campus Library MC Thessaloniki Campus Library 9780000068637 1898 05/06/2025 616.89 ΠΟΤ 1         1 18/11/2025 10/11/2025 05/06/2025

MC Athens Campus Library
Πατησίων 94 & Κοδριγκτώνος 13, 104 34
Πελλήνης 8 & Πατησίων 107, 112 51
Τ: +30 210 8899600

MC Thessaloniki Campus Library
Ίωνος Δραγούμη 21, 54625 | Ίωνος Δραγούμη 15, 54625
Τ: +30 2310 287779 – Τ: +30 2314 440300